000 00820nac a22002297a 4500
001 BR6003695
003 BR-BrBNA
005 20240105113056.0
008 230509b bl.|||m| |||| 00| 0 por d
040 _aBR-BrBNA
_bpor
_cBiblioteca Nacional de Agricultura
072 _aF00
090 _aF00 BR6003695
110 1 _aDepartamento Estadual de Estatistica de Santa Catarina, Florianopolis (Brasil)
_93176
245 1 _aProducao agricola de Santa Catariana 1969 [Brasil]
_bConvenio PLAMEG/DEE
260 3 _aFlorianopolis, SC (Brasil):
_cAug 1970.
300 _a181 p.
490 _aSerie Estatistica - Departamento Estadual de Estatistica de Santa Catarina (Brazil)
_vno. 11
_x
650 _aProducao vegetal
650 _aSanta Catarina
909 _a202312
_bLúcia Elande
_c55
_dLúcia Elande
942 _2AGRIS
_n0
_cMS
999 _c261757
_d261757